[Event "Mondiale Lampo FIDE 2019"]
[Site "Mosca"]
[Date "29.12.2019"]
[Round "6.64"]
[White "Indjic, Aleksandar"]
[Black "Dragnev, Valentin"]
[Result "1-0"]
[WhiteTitle "GM"]
[BlackTitle "GM"]
[WhiteElo "2619"]
[BlackElo "2553"]
[WhiteFideId "911925"]
[BlackFideId "1634852"]
[EventDate "2019.12.29"]

1. c4 e6 2. g3 d5 3. Bg2 Nf6 4. Nf3 dxc4 5. Qa4+ Bd7 6. Qxc4 c5 7. Ne5 Qc8 8.
Nxd7 Qxd7 9. O-O Nc6 10. Qc2 Rc8 11. d3 Be7 12. Nc3 O-O 13. b3 Rfd8 14. Bb2 b6
15. Rfd1 h6 16. Rac1 Ne8 17. e3 Bf6 18. a3 Qe7 19. Qb1 Nd6 20. h4 Nf5 21. Ne4
Bxb2 22. Qxb2 Nd6 23. Nc3 Nf5 24. Rb1 Rd7 25. b4 cxb4 26. axb4 Nxb4 27. d4 a5
28. Qb3 Nd6 29. Na2 Nxa2 30. Qxa2 Qd8 31. Rb2 Rb8 32. Ra1 Rc7 33. Qb3 b5 34. Kh2
b4 35. Rba2 Ra7 36. Bc6 Qc7 37. d5 exd5 38. Bxd5 Nf5 39. Qd3 Ne7 40. Bb3 Nc6 41.
Qe4 Qd6 42. Rd1 Qf6 43. Kg2 Ne5 44. Rd5 Nc6 45. Rc5 Ra6 46. Rac2 Ne7 47. Rc7 Re8
48. Ba4 Raa8 49. Bxe8 Rxe8 50. Rb7 Ng6 51. Qxe8+ 1-0

[Event "Mondiale Lampo FIDE 2019"]
[Site "Mosca"]
[Date "29.12.2019"]
[Round "6.65"]
[White "Narayanan, Srinath"]
[Black "Guseinov, Gadir"]
[Result "0-1"]
[WhiteTitle "GM"]
[BlackTitle "GM"]
[WhiteElo "2529"]
[BlackElo "2666"]
[WhiteFideId "5018420"]
[BlackFideId "13401378"]
[EventDate "2019.12.29"]

1. Nf3 g6 2. c4 Bg7 3. Nc3 d6 4. g3 e5 5. Bg2 f5 6. O-O Nf6 7. d3 O-O 8. Rb1 Nh5
9. Nd2 Kh8 10. b4 Nc6 11. b5 Nd4 12. a4 f4 13. a5 Rb8 14. Ba3 Bf5 15. c5 Nf6 16.
b6 axb6 17. axb6 c6 18. cxd6 Ra8 19. Bb4 Bg4 20. Nf3 Nd7 21. Nxd4 exd4 22. Ne4
Ra2 23. f3 Be6 24. Bd2 g5 25. Ra1 h6 26. Rxa2 Bxa2 27. Qa1 Bd5 28. Qa7 c5 29.
Rc1 Bxe4 30. dxe4 Qc8 31. Bh3 Rd8 32. Qa2 Qc6 33. Qe6 Nf8 34. Qe7 Qxd6 35. Qxb7
d3 36. Qc7 Qd4+ 37. Kh1 dxe2 38. Be1 Qe3 39. Qxc5 Qxc5 40. Rxc5 Rd1 41. Kg2 Bd4
42. b7 Rxe1 0-1

[Event "Mondiale Lampo FIDE 2019"]
[Site "Mosca"]
[Date "29.12.2019"]
[Round "6.66"]
[White "Tran, Tuan Minh"]
[Black "Vishnu Prasanna, V"]
[Result "1-0"]
[WhiteTitle "GM"]
[BlackTitle "GM"]
[WhiteElo "2529"]
[BlackElo "2493"]
[WhiteFideId "12401820"]
[BlackFideId "5030692"]
[EventDate "2019.12.29"]

1. d4 Nf6 2. c4 g6 3. Nc3 Bg7 4. e4 d6 5. Bd3 O-O 6. Nge2 Nc6 7. O-O e5 8. d5
Ne7 9. Ng3 h5 10. h3 h4 11. Nge2 Nh7 12. Be3 f5 13. exf5 gxf5 14. f4 Ng6 15. Qd2
Bd7 16. Rae1 Qe7 17. b3 Rae8 18. Kh1 a6 19. Bc2 exf4 20. Nxf4 Nxf4 21. Bxf4 Qf6
22. Ne2 Re7 23. Ng1 Rfe8 24. Rxe7 Qxe7 25. Nf3 Bf6 26. Bd3 Qg7 27. Qc2 Qg6 28.
Qf2 Qh5 29. Qa7 Bc8 30. c5 Nf8 31. cxd6 Ng6 32. Bh2 cxd6 33. Bxd6 Qh7 34. Bh2
Qh6 35. Qb8 Qe3 36. Rd1 b5 37. Qd6 Kg7 38. Qc7+ Kg8 39. Qc6 Kg7 40. Qc7+ Qe7 41.
Qc2 Qd7 42. d6 Re3 43. Bg1 Rxf3 44. gxf3 Bb7 45. Be2 Nf4 46. Bh2 Ng6 47. Qc7 Bc8
48. Qxd7+ Bxd7 49. Rc1 Kf7 50. Rc7 Ke6 51. a4 bxa4 52. Bc4# 1-0

[Event "Mondiale Lampo FIDE 2019"]
[Site "Mosca"]
[Date "29.12.2019"]
[Round "6.67"]
[White "Guliyev, Namig"]
[Black "Santos Ruiz, Miguel"]
[Result "1-0"]
[WhiteTitle "GM"]
[BlackTitle "GM"]
[WhiteElo "2548"]
[BlackElo "2585"]
[WhiteFideId "13400363"]
[BlackFideId "22291482"]
[EventDate "2019.12.29"]

1. e4 e5 2. Nf3 Nc6 3. Bb5 Nf6 4. O-O Nxe4 5. Re1 Nd6 6. Nxe5 Be7 7. Bf1 Nxe5 8.
Rxe5 O-O 9. d4 Ne8 10. d5 Bc5 11. Re1 d6 12. Be3 Qf6 13. c3 Qg6 14. a4 a5 15.
Na3 Bd7 16. Nb5 Rc8 17. Bd3 Qf6 18. Qd2 h6 19. Rac1 c6 20. dxc6 Bxc6 21. Bd4 Qh4
22. Bxc5 dxc5 23. Na7 Rc7 24. Nxc6 Rxc6 25. Bb5 Rc8 26. g3 Qf6 27. Rcd1 b6 28.
Ba6 Rb8 29. Qd7 g6 30. Bc4 Ng7 31. Rd6 Qg5 32. h4 Qh5 33. Re7 Kh7 34. Rxf7 Qe5
35. Re6 Rxf7 36. Qxf7 Qe1+ 37. Rxe1 1-0

[Event "Mondiale Lampo FIDE 2019"]
[Site "Mosca"]
[Date "29.12.2019"]
[Round "6.68"]
[White "Xu, Xiangyu"]
[Black "Kezin, Roman"]
[Result "0-1"]
[WhiteTitle "GM"]
[BlackTitle "IM"]
[WhiteElo "2582"]
[BlackElo "2470"]
[WhiteFideId "8608288"]
[BlackFideId "24124621"]
[EventDate "2019.12.29"]

1. e4 c5 2. Nc3 Nc6 3. Bb5 Nd4 4. Nf3 Nxb5 5. Nxb5 a6 6. Nc3 d6 7. d4 cxd4 8.
Qxd4 e5 9. Qd3 h6 10. O-O Nf6 11. b3 Be7 12. a4 O-O 13. Rd1 Be6 14. Bb2 Qc7 15.
Nd2 Rfd8 16. Nd5 Nxd5 17. exd5 Bg4 18. Re1 Rac8 19. c4 Re8 20. a5 Qd7 21. b4 f5
22. f3 Bh5 23. Nb3 Bf6 24. Qf1 Qf7 25. Rad1 e4 26. Bxf6 Qxf6 27. Nd4 exf3 28.
Nxf3 Rxe1 29. Rxe1 Qc3 30. Nh4 Qd4+ 31. Qf2 Qxf2+ 32. Kxf2 Rxc4 33. g3 f4 34.
Re6 Rc2+ 35. Kg1 f3 36. h3 Kf8 37. Kf1 f2 38. Nf5 Be8 39. Nd4 Rd2 40. Ne2 Bd7
41. Rxd6 Bxh3+ 42. Kxf2 Bg4 43. Ke3 Rxe2+ 44. Kd4 Rd2+ 45. Kc5 Ke7 46. Rg6 Bf3
47. Rxg7+ Kf6 48. Rd7 h5 49. b5 axb5 50. d6 Bc6 0-1

[Event "Mondiale Lampo FIDE 2019"]
[Site "Mosca"]
[Date "29.12.2019"]
[Round "6.69"]
[White "Tsoi, Dmitry"]
[Black "Pigusov, Evgeny"]
[Result "0-1"]
[WhiteTitle "FM"]
[BlackTitle "GM"]
[WhiteElo "2321"]
[BlackElo "2555"]
[WhiteFideId "24194697"]
[BlackFideId "4100514"]
[EventDate "2019.12.29"]

1. f4 c5 2. Nf3 g6 3. c3 Bg7 4. g3 Nf6 5. Bg2 O-O 6. O-O Nc6 7. a3 d5 8. b4 b6
9. Bb2 Bb7 10. h3 Rc8 11. Kh2 Ba8 12. d3 d4 13. bxc5 bxc5 14. c4 Rb8 15. Ra2 Qc7
16. Nbd2 e5 17. fxe5 Nxe5 18. Nxe5 Bxg2 19. Kxg2 Qxe5 20. Bc1 Nh5 21. Qe1 Rfe8
22. Nf3 Qc7 23. g4 Nf4+ 24. Bxf4 Qxf4 25. Qg3 Qxg3+ 26. Kxg3 Be5+ 27. Nxe5 Rxe5
28. Rf6 Re3+ 29. Rf3 Re6 30. Kf2 Rb3 31. Ke1 Kf8 32. Kd2 Ke7 33. e3 Rb1 34. exd4
cxd4 35. Kc2 Rb7 36. Kd2 Kd6 37. Rc2 Kc5 38. g5 a5 39. h4 a4 40. Rf4 Re5 41. Rf6
Rf5 42. Ra6 Rf2+ 43. Kc1 Rf1+ 44. Kd2 Rbb1 45. Ke2 Rbe1+ 46. Kd2 Re3 47. Ra5+
Kb6 48. Rd5 Rf2+ 49. Kc1 Rf4 50. Kd2 Rxh4 51. Rb2+ Kc6 52. Rbb5 Rh2+ 53. Kd1
Rxd3+ 54. Ke1 Rb3 55. Rdc5+ Kd6 56. Rd5+ Ke7 57. Rxb3 axb3 0-1

[Event "Mondiale Lampo FIDE 2019"]
[Site "Mosca"]
[Date "29.12.2019"]
[Round "6.70"]
[White "Kim, Alexey"]
[Black "Sanal, Vahap"]
[Result "1/2-1/2"]
[WhiteTitle "GM"]
[BlackTitle "GM"]
[WhiteElo "2464"]
[BlackElo "2549"]
[WhiteFideId "4129776"]
[BlackFideId "6300545"]
[EventDate "2019.12.29"]

1. e4 Nc6 2. Nf3 d6 3. d4 g6 4. Nc3 Bg7 5. h3 Nf6 6. Be2 O-O 7. O-O a6 8. a4 e5
9. dxe5 Nxe5 10. Nxe5 dxe5 11. Be3 Qe7 12. Nd5 Nxd5 13. Qxd5 Rd8 14. Qb3 b6 15.
Rfd1 Bb7 16. f3 h5 17. Bc4 Bf6 18. c3 Kg7 19. Rxd8 Rxd8 20. Rd1 Rd7 21. Qc2 h4
22. Qe2 a5 23. Bb5 Rd6 24. Rxd6 Qxd6 25. Qd2 Qxd2 26. Bxd2 Kf8 27. Bc4 Bc6 28.
b3 Be7 29. Kf1 Kg7 30. Be3 f5 31. Bd5 Bd7 32. Ke2 Kf6 33. Bf2 Kg7 34. Kd3 c6 35.
Bxb6 cxd5 36. exd5 g5 37. c4 g4 38. fxg4 fxg4 39. hxg4 Bxg4 40. c5 Bf6 41. d6
Bd7 42. Bxa5 Bc6 43. Ke3 Bxg2 44. d7 h3 45. Kf2 e4 46. d8=Q e3+ 47. Kg1 Bxd8 48.
Bxd8 Bd5 49. b4 e2 50. Bh4 Kf7 51. b5 Ke6 52. a5 Bc4 53. b6 Kd7 54. Kh2 Kc6 55.
Kxh3 Ba6 56. Bf2 e1=Q 57. Bxe1 Kxc5 1/2-1/2

[Event "Mondiale Lampo FIDE 2019"]
[Site "Mosca"]
[Date "29.12.2019"]
[Round "6.71"]
[White "Studer, Noel"]
[Black "Castellanos Rodriguez, Renier"]
[Result "1-0"]
[WhiteTitle "GM"]
[BlackTitle "IM"]
[WhiteElo "2546"]
[BlackElo "2474"]
[WhiteFideId "1319620"]
[BlackFideId "3404650"]
[EventDate "2019.12.29"]

1. d4 Nf6 2. c4 g6 3. Nc3 Bg7 4. e4 d6 5. h3 Nbd7 6. Nf3 e5 7. Be3 exd4 8. Nxd4
O-O 9. Qc2 Re8 10. O-O-O c6 11. g4 a5 12. Be2 a4 13. g5 a3 14. gxf6 axb2+ 15.
Kb1 Nxf6 16. Nb3 Qe7 17. f3 Nh5 18. Rhg1 Bxh3 19. f4 Nf6 20. Bf3 Bf5 21. Nd2 d5
22. cxd5 cxd5 23. exf5 Qxe3 24. fxg6 hxg6 25. Nxd5 Qa7 26. Nxf6+ Bxf6 27. Bd5
Kg7 28. Bxf7 Kxf7 29. Qxg6+ Ke7 30. Rge1+ Kd7 31. Nb3+ Kc7 32. Qf7+ Be7 33.
Rxe7+ Rxe7 34. Qxe7+ 1-0

[Event "Mondiale Lampo FIDE 2019"]
[Site "Mosca"]
[Date "29.12.2019"]
[Round "6.72"]
[White "Lobanov, Sergei"]
[Black "Laznicka, Viktor"]
[Result "0-1"]
[WhiteTitle "IM"]
[BlackTitle "GM"]
[WhiteElo "2504"]
[BlackElo "2648"]
[WhiteFideId "24183750"]
[BlackFideId "316385"]
[EventDate "2019.12.29"]

1. e4 d5 2. exd5 Qxd5 3. Nc3 Qa5 4. d4 Nf6 5. Bc4 Bg4 6. Ne2 e6 7. O-O c6 8. Qe1
Nbd7 9. Ng3 O-O-O 10. Bf4 Bb4 11. a3 Bxc3 12. bxc3 g5 13. Bd2 h5 14. Bb3 h4 15.
c4 Qc7 16. Ne4 Nxe4 17. Qxe4 Bf5 18. Qe2 c5 19. c3 g4 20. g3 hxg3 21. fxg3 Qb6
22. Ba4 cxd4 23. cxd4 Qxd4+ 24. Be3 Qe4 25. Qf2 Ne5 26. Qe1 Rxh2 0-1

[Event "Mondiale Lampo FIDE 2019"]
[Site "Mosca"]
[Date "29.12.2019"]
[Round "6.73"]
[White "Yagupov, Igor"]
[Black "Krsnik Cohar, Ivan Vihor"]
[Result "0-1"]
[WhiteTitle "GM"]
[BlackTitle "FM"]
[WhiteElo "2357"]
[BlackElo "2313"]
[WhiteFideId "4113632"]
[BlackFideId "14520044"]
[EventDate "2019.12.29"]

1. e4 c6 2. d4 d5 3. e5 Bf5 4. Nf3 e6 5. Be2 Bb4+ 6. c3 Ba5 7. O-O Ne7 8. Nbd2
h6 9. a4 Nd7 10. b4 Bc7 11. a5 O-O 12. Nh4 Bh7 13. f4 Kh8 14. g3 b6 15. axb6
axb6 16. Rxa8 Qxa8 17. b5 c5 18. Ndf3 c4 19. Be3 Qa5 20. Qd2 Qxb5 21. Ra1 Qc6
22. g4 Ra8 23. Qb2 Ra4 24. Bd1 Ra5 25. Rxa5 bxa5 26. Bc2 Qb6 27. Qc1 Bxc2 28.
Qxc2 Qb3 29. Qc1 Qa2 30. f5 Ng8 31. g5 Qe2 32. fxe6 fxe6 33. gxh6 Nf8 34. hxg7+
Kxg7 35. Ng5 Qg4+ 36. Ng2 Bd8 37. Qd2 Bxg5 38. Bxg5 Ng6 39. h3 Qxh3 40. Bf6+
Nxf6 41. exf6+ Kxf6 42. Qf2+ Qf5 43. Qa2 Nf4 44. Ne3 Qd3 45. Ng4+ Kg5 46. Ne5
Qg3+ 47. Kf1 Qxc3 48. Qh2 Qc1+ 49. Kf2 Qb2+ 50. Kg3 Qxh2+ 51. Kxh2 a4 0-1

[Event "Mondiale Lampo FIDE 2019"]
[Site "Mosca"]
[Date "29.12.2019"]
[Round "6.75"]
[White "Suleymanli, Aydin"]
[Black "Turov, Maxim"]
[Result "1-0"]
[WhiteTitle "IM"]
[BlackTitle "GM"]
[WhiteElo "2473"]
[BlackElo "2574"]
[WhiteFideId "13413937"]
[BlackFideId "4120086"]
[EventDate "2019.12.29"]

1. d4 Nf6 2. Nf3 e6 3. Bf4 d5 4. e3 Bd6 5. Bg3 c5 6. c3 Nc6 7. Nbd2 Qe7 8. Ne5
O-O 9. f4 Nd7 10. Bd3 f6 11. Qh5 g6 12. Nxc6 bxc6 13. Qe2 e5 14. O-O c4 15. Bxc4
exf4 16. Bxf4 Bxf4 17. exf4 Qd6 18. Bd3 Nb6 19. a4 a5 20. b3 c5 21. Qf2 cxd4 22.
Qxd4 Bb7 23. Ne4 Qd8 24. Nc5 Rf7 25. b4 Bc8 26. Rfe1 Kg7 27. Re6 axb4 28. cxb4
Nxa4 29. Ree1 Nb6 30. Rxa8 Nxa8 31. f5 Qb6 32. fxg6 hxg6 33. h4 Nc7 34. h5 gxh5
35. Ne6+ Qxe6 36. Rxe6 Bxe6 37. b5 Nxb5 1-0

[Event "Mondiale Lampo FIDE 2019"]
[Site "Mosca"]
[Date "29.12.2019"]
[Round "6.76"]
[White "Piorun, Kacper"]
[Black "Gundavaa, Bayarsaikhan"]
[Result "1-0"]
[WhiteTitle "GM"]
[BlackTitle "GM"]
[WhiteElo "2611"]
[BlackElo "2489"]
[WhiteFideId "1130420"]
[BlackFideId "4901045"]
[EventDate "2019.12.29"]

1. g3 c5 2. Bg2 Nc6 3. e4 g6 4. Nc3 Bg7 5. d3 d6 6. Be3 Rb8 7. Nge2 Nd4 8. O-O
e6 9. Qd2 Ne7 10. f4 O-O 11. Nd1 b5 12. Nc1 b4 13. c3 bxc3 14. bxc3 Ndc6 15. Ne2
Qa5 16. g4 f5 17. gxf5 exf5 18. Nf2 Be6 19. Nh3 h6 20. Kh1 d5 21. e5 d4 22. Bg1
Nd5 23. Rfc1 Rfd8 24. Qe1 dxc3 25. Nxc3 Nxc3 26. Qxc3 Qxc3 27. Rxc3 Nb4 28. Rxc5
Nxd3 29. Rc6 Kf7 30. Rc7+ Rd7 31. Rxd7+ Bxd7 32. Bxa7 Rb2 33. a4 g5 34. Rd1 g4
35. Rxd3 gxh3 36. Rxd7+ Ke6 37. Rxg7 hxg2+ 38. Rxg2 Rb4 39. Ra2 Rxf4 1-0

[Event "Mondiale Lampo FIDE 2019"]
[Site "Mosca"]
[Date "29.12.2019"]
[Round "6.77"]
[White "Mesropov, Konstantin"]
[Black "Yanchenko, Roman"]
[Result "0-1"]
[WhiteTitle "IM"]
[BlackTitle "FM"]
[WhiteElo "2422"]
[BlackElo "2463"]
[WhiteFideId "4116887"]
[BlackFideId "4137329"]
[EventDate "2019.12.29"]

1. d4 d5 2. Bf4 Nf6 3. e3 Bf5 4. Nf3 e6 5. c3 Bd6 6. Bd3 Bxf4 7. exf4 Bg6 8. Ne5
Nbd7 9. O-O O-O 10. Bxg6 hxg6 11. Nd2 c5 12. Ndf3 cxd4 13. Nxd4 Qb6 14. Qe2 Rac8
15. Rad1 Nxe5 16. fxe5 Nd7 17. f4 Rc4 18. h4 Nc5 19. Rf3 Ne4 20. Re3 Rfc8 21. h5
g5 22. f5 Qc7 23. fxe6 fxe6 24. Nxe6 Qxe5 25. Nd4 R4c7 26. Qg4 Re8 27. Rf1 Rf7
28. Rxf7 Kxf7 29. Nf5 Re6 30. h6 gxh6 31. Qh5+ Rg6 32. Rf3 Nf6 33. Nxh6+ Kg7 34.
Nf5+ Qxf5 35. Rxf5 Nxh5 36. Rxd5 Kh7 37. Kf2 Nf4 38. Rd8 Rg7 39. g3 Ne6 40. Rd6
Nc5 41. Ke3 Rd7 42. Rf6 Kg7 43. Rf5 Ne6 44. b4 Rd1 45. a4 Kg6 46. Rb5 b6 47. a5
Rd6 48. Re5 Kf6 49. Rb5 Nc7 50. axb6 axb6 0-1

[Event "Mondiale Lampo FIDE 2019"]
[Site "Mosca"]
[Date "29.12.2019"]
[Round "6.78"]
[White "Pogosyan, Stefan"]
[Black "Kazhgaleyev, Murtas"]
[Result "1-0"]
[WhiteTitle "IM"]
[BlackTitle "GM"]
[WhiteElo "2459"]
[BlackElo "2569"]
[WhiteFideId "34159867"]
[BlackFideId "13700316"]
[EventDate "2019.12.29"]

1. d4 Nf6 2. c4 g6 3. Nc3 Bg7 4. e4 d6 5. Nf3 O-O 6. Be2 c6 7. O-O e5 8. Re1
Nbd7 9. h3 exd4 10. Nxd4 Re8 11. Bd3 Nc5 12. Bc2 a5 13. Bf4 Nh5 14. Bh2 Be5 15.
Nf3 Qf6 16. Qd2 Nf4 17. Nxe5 dxe5 18. Bxf4 exf4 19. e5 Qg5 20. Kh2 Be6 21. b3
Rad8 22. Qe2 Bc8 23. a3 Kg7 24. b4 Ne6 25. Qg4 Qxg4 26. hxg4 Rd4 27. Re4 Rxe4
28. Nxe4 Nd4 29. Bd3 Rxe5 30. f3 Bd7 31. Rd1 axb4 32. axb4 f5 33. Bb1 fxe4 34.
Rxd4 Be6 35. Bxe4 Kf6 36. c5 h6 37. Kg1 h5 38. gxh5 gxh5 39. Kf2 h4 40. Bc2 Kg5
41. Rd8 Bd5 42. Rd7 Bc4 43. Be4 Ba6 44. Rg7+ Kh5 45. Rg4 Re7 46. Rxf4 Rd7 47.
Rf5+ Kh6 48. Rf4 Kh5 49. Rf5+ Kh6 50. Ke3 Rd1 51. Rf7 Kg5 52. Rg7+ Kf6 53. Rg6+
Kf7 54. Rh6 Rh1 55. Kf4 Rh2 56. Ke5 Rxg2 57. Rxh4 Rg5+ 58. Kd6 Rg1 59. Ke5 Rg5+
60. Kf4 Rg1 61. Ke5 Rg5+ 62. Kd4 Rg1 63. f4 Rd1+ 64. Ke5 Re1 65. Kf5 Kg7 66.
Rg4+ Kf7 67. Rh4 Kg7 68. Rh3 Re2 69. Ke5 Kg8 70. f5 Bc4 71. Kd4 Bf7 72. Ra3 Rb2
73. Kc3 Re2 74. Bd3 Re7 75. f6 Rd7 76. Ra8+ 1-0

[Event "Mondiale Lampo FIDE 2019"]
[Site "Mosca"]
[Date "29.12.2019"]
[Round "6.79"]
[White "Gajewski, Grzegorz"]
[Black "Potapov, Pavel"]
[Result "1/2-1/2"]
[WhiteTitle "GM"]
[BlackTitle "GM"]
[WhiteElo "2626"]
[BlackElo "2482"]
[WhiteFideId "1116207"]
[BlackFideId "4169786"]
[EventDate "2019.12.29"]

1. d4 f5 2. Nc3 Nf6 3. Bg5 d5 4. Bxf6 exf6 5. e3 Be6 6. h4 Qd7 7. h5 Nc6 8. Qf3
Ne7 9. Nce2 Nc8 10. Nf4 c6 11. Nxe6 Qxe6 12. Bd3 Nd6 13. Ne2 Rg8 14. Nf4 Qd7 15.
Rg1 Ne4 16. g4 fxg4 17. Rxg4 O-O-O 18. Rg2 f5 19. O-O-O Bd6 20. Rdg1 Kb8 21. Nh3
Rdf8 22. Ng5 Nxg5 23. Rxg5 f4 24. e4 dxe4 25. Bxe4 h6 26. Rg6 Be7 27. c3 Bg5 28.
d5 cxd5 29. Bxd5 Rh8 30. Rd1 Rd8 31. Re6 Rhe8 32. Rxe8 Qxe8 33. Bxb7 Rxd1+ 34.
Kxd1 Qb5 35. Bd5 Qxb2 36. Bb3 Qb1+ 37. Kd2 Qb2+ 38. Kd3 Qb1+ 39. Kc4 Qf5 40. Qc6
Qc8 41. Kb5 Qxc6+ 42. Kxc6 Bf6 43. c4 Bd4 44. f3 Bb6 45. c5 Ba5 46. Kd7 Bc3 47.
Kd6 Bb4 48. Be6 Ba5 49. c6 Bb6 50. Kd7 Ba5 51. a4 Bb6 52. Kd6 Ba5 53. Bc4 Bb6
54. Bd3 Ba5 55. Be4 Bb6 56. Ke5 Kc7 57. Kxf4 Bd4 58. Kf5 Bf6 59. Ke6 Bc3 60. f4
Bb2 61. f5 Bf6 62. a5 1/2-1/2

[Event "Mondiale Lampo FIDE 2019"]
[Site "Mosca"]
[Date "29.12.2019"]
[Round "6.80"]
[White "Zarnicki, Pablo"]
[Black "Kazakouski, Valery"]
[Result "1-0"]
[WhiteTitle "GM"]
[BlackTitle "IM"]
[WhiteElo "2514"]
[BlackElo "2485"]
[WhiteFideId "100137"]
[BlackFideId "13507443"]
[EventDate "2019.12.29"]

1. e4 e5 2. Nf3 Nc6 3. Nc3 Nf6 4. d4 exd4 5. Nxd4 Bc5 6. Be3 Bb6 7. Qd2 Ng4 8.
Nxc6 bxc6 9. Bd4 O-O 10. h3 Bxd4 11. Qxd4 Qf6 12. Qd2 Qh6 13. Qxh6 Nxh6 14. g4
f6 15. O-O-O d6 16. Bc4+ Nf7 17. f3 Re8 18. h4 Be6 19. Bxe6 Rxe6 20. Ne2 Ne5 21.
Rdf1 Re7 22. h5 d5 23. exd5 cxd5 24. Nd4 c5 25. Nf5 Rd7 26. Rhg1 g6 27. Nh4 Kf7
28. f4 Nc4 29. Re1 Nd6 30. g5 gxh5 31. gxf6 Kxf6 32. Rg5 Ne4 33. Rf5+ Kg7 34.
Rg1+ Kh8 35. Rxh5 Nf6 36. Rh6 Rd6 37. Nf5 Rb6 38. Rg7 Rg8 39. Rf7 Ne4 40. Rhxh7# 1-0

[Event "Mondiale Lampo FIDE 2019"]
[Site "Mosca"]
[Date "29.12.2019"]
[Round "6.81"]
[White "Bartel, Mateusz"]
[Black "Batchuluun, Tsegmed"]
[Result "1-0"]
[WhiteTitle "GM"]
[BlackTitle "GM"]
[WhiteElo "2634"]
[BlackElo "2530"]
[WhiteFideId "1112635"]
[BlackFideId "4900847"]
[EventDate "2019.12.29"]

1. e4 e5 2. Nf3 Nc6 3. Bb5 Nf6 4. d3 Bc5 5. Nbd2 d6 6. Bxc6+ bxc6 7. h3 O-O 8.
O-O h6 9. Re1 a5 10. Nf1 Re8 11. Be3 Bxe3 12. Nxe3 c5 13. a4 Be6 14. Nd2 Nd7 15.
b3 Rf8 16. Rf1 f5 17. exf5 Bxf5 18. Nxf5 Rxf5 19. Nc4 Nb6 20. Ne3 Rf4 21. g3 Rf7
22. Qg4 Qc8 23. Qxc8+ Rxc8 24. Kg2 Rcf8 25. Rae1 g6 26. Re2 Kg7 27. f3 h5 28. h4
Rf6 29. Ref2 R6f7 30. Re1 Rf6 31. Ref1 R8f7 32. f4 exf4 33. Rxf4 Rxf4 34. gxf4
Re7 35. Kf3 Kf6 36. Rg1 c6 37. Rg5 d5 38. f5 Rg7 39. fxg6 Nd7 40. Kf4 Rxg6 41.
Rxh5 Rg1 42. Rh6+ Ke7 43. Rxc6 d4 44. Nf5+ Kd8 45. h5 Rf1+ 46. Kg5 Rg1+ 47. Kh4
Rh1+ 48. Kg5 Rg1+ 49. Kh4 Rh1+ 50. Kg3 Rxh5 51. Nd6 Rh1 52. Nb7+ Ke7 53. Nxc5
Nxc5 54. Rxc5 Rc1 55. Kf4 Kd6 56. Rxa5 Rxc2 57. Ke4 Rc3 58. Rb5 Kc6 1-0

[Event "Mondiale Lampo FIDE 2019"]
[Site "Mosca"]
[Date "29.12.2019"]
[Round "6.82"]
[White "Potkin, Vladimir"]
[Black "Tsvetkov, Andrey"]
[Result "0-1"]
[WhiteTitle "GM"]
[BlackTitle "FM"]
[WhiteElo "2583"]
[BlackElo "2350"]
[WhiteFideId "4131061"]
[BlackFideId "34139360"]
[EventDate "2019.12.29"]

1. Nf3 d5 2. e3 Nf6 3. c4 c6 4. Nc3 e6 5. b3 Bd6 6. Bb2 Nbd7 7. d4 O-O 8. Bd3
Qe7 9. h3 e5 10. dxe5 Nxe5 11. cxd5 cxd5 12. Be2 Rd8 13. Nb5 Bb4+ 14. Kf1 Nxf3
15. Bxf3 a6 16. Nd4 Ne4 17. Qd3 Qh4 18. g3 Bxh3+ 19. Ke2 Qh6 20. Nf5 Bxf5 21.
Qd4 Bc5 22. Qe5 Qf6 23. g4 Qxe5 24. Bxe5 Bg6 25. Rac1 Rac8 26. Bb2 Bb4 27. g5
Bf5 28. Rh4 Rxc1 29. Bxc1 Rc8 0-1

[Event "Mondiale Lampo FIDE 2019"]
[Site "Mosca"]
[Date "29.12.2019"]
[Round "6.83"]
[White "Mamatov, Melis"]
[Black "Melkumyan, Hrant"]
[Result "0-1"]
[BlackTitle "GM"]
[WhiteElo "2292"]
[BlackElo "2668"]
[WhiteFideId "13800027"]
[BlackFideId "13302485"]
[EventDate "2019.12.29"]

1. e4 c6 2. d4 d5 3. Nd2 dxe4 4. Nxe4 Nf6 5. Nxf6+ exf6 6. c3 Bd6 7. Bd3 O-O 8.
Ne2 Re8 9. Qc2 h5 10. Be3 Nd7 11. Ng3 Nb6 12. O-O-O Nd5 13. Bd2 Nf4 14. Bxf4
Bxf4+ 15. Kb1 h4 16. Nf5 Bxf5 17. Bxf5 Qd5 18. g3 Bh6 19. Rhe1 a5 20. Re4 Rxe4
21. Bxe4 Qd6 22. Re1 g6 23. Bd3 b5 24. f4 f5 25. Qe2 Bf8 26. Qe5 b4 27. Qxd6
Bxd6 28. Kc2 Kg7 29. Bf1 Rh8 30. Bg2 c5 31. dxc5 Bxc5 32. Re2 Bg1 33. Bd5 hxg3
34. hxg3 Bh2 35. Rg2 Rh3 36. cxb4 axb4 37. Kb3 Bxg3 38. Kxb4 Bxf4 39. a4 Be3 40.
a5 f4 41. Kc4 f3 42. Rc2 f2 43. Bg2 Rg3 44. Bf1 Rg1 45. Bd3 f1=Q 46. Bxf1 Rxf1
47. b4 Ra1 48. Kd3 Bg5 49. Rb2 Be7 50. Kc4 f5 51. Kb5 Bg5 52. a6 Be3 53. Rb3 f4
54. Rd3 g5 55. Rd7+ Kf6 56. Rd6+ Ke5 57. Rd8 g4 58. Rg8 g3 59. Rg6 Kf5 60. Rg8
Ke4 61. Re8+ Kf3 0-1

[Event "Mondiale Lampo FIDE 2019"]
[Site "Mosca"]
[Date "29.12.2019"]
[Round "6.84"]
[White "Galkin, Alexander"]
[Black "Postny, Evgeny"]
[Result "1/2-1/2"]
[WhiteTitle "GM"]
[BlackTitle "GM"]
[WhiteElo "2611"]
[BlackElo "2605"]
[WhiteFideId "4120426"]
[BlackFideId "2804344"]
[EventDate "2019.12.29"]

1. Nf3 d5 2. d4 Nf6 3. Bf4 Bf5 4. e3 e6 5. Bd3 Bxd3 6. Qxd3 Nbd7 7. c3 Be7 8.
Nbd2 c5 9. O-O O-O 10. h3 Qb6 11. Rab1 Rac8 12. a3 Rfd8 13. b4 cxd4 14. cxd4 a6
15. Rfc1 Qb5 16. Qxb5 axb5 17. Nb3 b6 18. Bg5 Kf8 19. Bxf6 Bxf6 20. Rxc8 Rxc8
21. Ne1 Rc3 22. Kf1 e5 23. Ke2 exd4 24. exd4 Ke7 25. Kd2 Rc4 26. Kd3 Nf8 27. Nc2
Ne6 28. g3 Kd6 29. f4 g6 30. h4 Rc8 31. Ne3 Ra8 32. Nc2 Ng7 33. Nd2 Nf5 34. Nf1
h5 35. Rb3 Re8 36. Rc3 Re4 37. Nd2 Re8 38. Nf1 Kd7 39. Rb3 Nd6 40. Nce3 Ke6 41.
Rb1 Nc4 42. Rb3 Kd6 43. Nc2 Ra8 44. Rc3 Re8 45. Rb3 Bg7 46. Nfe3 Bf6 47. Nf1 Bg7
48. Nfe3 Re7 49. Nf1 f6 50. Nfe3 Bh6 51. Rb1 Re6 52. Rf1 f5 53. Rb1 Re4 54. Nf1
Bxf4 55. gxf4 Rxf4 56. Nfe3 Rxh4 57. Rg1 f4 58. Rxg6+ Kd7 59. Nxd5 Nd6 60. Rg7+
Ke6 1/2-1/2